The Nervous system and the special senses / (Record no. 5847)
[ view plain ]
| 000 -LEADER | |
|---|---|
| fixed length control field | 01532cam a2200349 a 4500 |
| 001 - CONTROL NUMBER | |
| control field | 1493089 |
| 003 - CONTROL NUMBER IDENTIFIER | |
| control field | OSt |
| 005 - DATE AND TIME OF LATEST TRANSACTION | |
| control field | 20170921161533.0 |
| 008 - FIXED-LENGTH DATA ELEMENTS--GENERAL INFORMATION | |
| fixed length control field | 880607s1989 stka b 000 0 eng c |
| 010 ## - LIBRARY OF CONGRESS CONTROL NUMBER | |
| LC control number | 88020234 |
| 020 ## - INTERNATIONAL STANDARD BOOK NUMBER | |
| International Standard Book Number | 0443039380 |
| 040 ## - CATALOGING SOURCE | |
| Original cataloging agency | DNLM/DLC |
| Transcribing agency | DLC |
| Modifying agency | DLC |
| 082 ## - DEWEY DECIMAL CLASSIFICATION NUMBER | |
| Classification number | WY 18 |
| Item number | R431n 1989 |
| 245 04 - TITLE STATEMENT | |
| Title | The Nervous system and the special senses / |
| Statement of responsibility, etc. | edited by Janet T.E. Riddle ; with contributions from P.J. Scullin ... [et al.] ; foreword by Margaret F. Alexander. |
| 260 ## - PUBLICATION, DISTRIBUTION, ETC. (IMPRINT) | |
| Place of publication, distribution, etc. | Edinburgh [Scotland] ; |
| -- | New York : |
| Name of publisher, distributor, etc. | Churchill Livingstone, |
| Date of publication, distribution, etc. | 1989. |
| 300 ## - PHYSICAL DESCRIPTION | |
| Extent | 128 p. : |
| Other physical details | ill. ; |
| Dimensions | 25 cm. |
| 490 1# - SERIES STATEMENT | |
| Series statement | Nursing care studies : 500 questions and answers for self-assessment ; |
| Volume/sequential designation | 5 |
| 504 ## - BIBLIOGRAPHY, ETC. NOTE | |
| Bibliography, etc | Bibliography: p. [120]-128. |
| 650 #0 - SUBJECT ADDED ENTRY--TOPICAL TERM | |
| Topical term or geographic name as entry element | Neurological nursing |
| General subdivision | Examinations, questions, etc. |
| 9 (RLIN) | 12135 |
| 650 #0 - SUBJECT ADDED ENTRY--TOPICAL TERM | |
| Topical term or geographic name as entry element | Eye |
| General subdivision | Diseases |
| -- | Nursing |
| -- | Examinations, questions, etc. |
| 9 (RLIN) | 12136 |
| 650 #0 - SUBJECT ADDED ENTRY--TOPICAL TERM | |
| Topical term or geographic name as entry element | Ear |
| General subdivision | Diseases |
| -- | Nursing |
| -- | Examinations, questions, etc. |
| 9 (RLIN) | 12137 |
| 650 #2 - SUBJECT ADDED ENTRY--TOPICAL TERM | |
| Topical term or geographic name as entry element | Brain Injuries |
| General subdivision | nursing |
| -- | examination questions. |
| 9 (RLIN) | 12138 |
| 650 #2 - SUBJECT ADDED ENTRY--TOPICAL TERM | |
| Topical term or geographic name as entry element | Cerebrovascular Disorders |
| General subdivision | nursing |
| -- | examination questions. |
| 9 (RLIN) | 12139 |
| 650 #2 - SUBJECT ADDED ENTRY--TOPICAL TERM | |
| Topical term or geographic name as entry element | Epilepsy |
| General subdivision | nursing |
| -- | examination questions. |
| 9 (RLIN) | 12140 |
| 650 #2 - SUBJECT ADDED ENTRY--TOPICAL TERM | |
| Topical term or geographic name as entry element | Eye Diseases |
| General subdivision | nursing |
| -- | examination questions. |
| 9 (RLIN) | 12141 |
| 650 #2 - SUBJECT ADDED ENTRY--TOPICAL TERM | |
| Topical term or geographic name as entry element | Otitis Media |
| General subdivision | nursing |
| -- | examination questions. |
| 9 (RLIN) | 12142 |
| 700 1# - ADDED ENTRY--PERSONAL NAME | |
| Personal name | Riddle, Janet T. E. |
| 9 (RLIN) | 12143 |
| 700 1# - ADDED ENTRY--PERSONAL NAME | |
| Personal name | Rooke, F. C. E. |
| 9 (RLIN) | 12144 |
| 830 #0 - SERIES ADDED ENTRY--UNIFORM TITLE | |
| Uniform title | Nursing care studies ; |
| Volume number/sequential designation | 5. |
| 9 (RLIN) | 12145 |
| 906 ## - LOCAL DATA ELEMENT F, LDF (RLIN) | |
| a | 7 |
| b | cbc |
| c | orignew |
| d | 1 |
| e | ocip |
| f | 19 |
| g | y-gencatlg |
| 942 ## - ADDED ENTRY ELEMENTS (KOHA) | |
| Source of classification or shelving scheme | Other/Generic Classification Scheme |
| Koha item type | Open Shelf |
| Withdrawn status | Lost status | Source of classification or shelving scheme | Damaged status | Not for loan | Home library | Current library | Date acquired | Source of acquisition | Inventory number | Total Checkouts | Full call number | Barcode | Date last seen | Price effective from | Koha item type |
|---|---|---|---|---|---|---|---|---|---|---|---|---|---|---|---|
| Other/Generic Classification Scheme | MUST Main Library | MUST Main Library | 21/09/2017 | 6082 | WY 18 R431n 1989 | 2017-0845 | 21/09/2017 | 21/09/2017 | Open Shelf |
